| 000 | 00398nam a2200145Ia 4500 | ||
|---|---|---|---|
| 008 | 230917s9999||||xx |||||||||||||| ||und|| | ||
| 040 |
_e43579 _aMAIN |
||
| 041 | _aEnglish | ||
| 082 | _a820.9 S55S | ||
| 100 | _aSmith, Eric | ||
| 245 | 0 | _aSome versions of the fall: the myth of the fall of man in English literature | |
| 260 |
_aLondon _bCroom Helm _c1973 |
||
| 300 | _axiv, 228 p. | ||
| 942 | _cBK | ||
| 999 |
_c228083 _d228083 |
||